000 01027cam a2200277 a 4500
001 000010572
003 DO-SdBNP
005 20240912174535.0
008 840105s1958 ve 000 0 spa d
040 _aDO-SdBNP
_cCarP
_dDLC
_dBNPHU
043 _as-ve
049 _aBNGR
082 _aV868.3
_bA472ó
100 1 _aAlvarado, Lisandro,
_d1858-1929
_925649
245 1 0 _aObras completas /
_cLisandro Alvarado ; prólogo de Guillermo Morón.
260 _aCaracas :
_bMinisterio de Educación Dirección de Cultura y Bellas Artes, Comisión Editora de las Obras Completas de Lisandro Alvarado,
_c1958.
300 _av ;
_c23 cm.
500 _aLa biblioteca posse el volumen vii
504 _aIncluye referencias bibliográficas y notas al pie de las páginas
600 1 0 _aALVARADO, LISANDRO
_y1858-1929
_xCOLECCIONES DE ESCRITOS
_925650
650 4 _aMiscelanea
_925651
650 4 _aLiteratura venezolana
_93816
700 1 _aMorón, Guillermo,
_epról.
_95372
910 _aCatalogación derivada
942 _2ddc
_cLBS1
999 _c10330
_d10330